Library Logo

Pioneer International University Library Catalogue

Travels with Henry / (Record no. 9350)

MARC details
000 -LEADER
fixed length control field 00920cam a2200289 i 4500
001 - CONTROL NUMBER
control field 2738302
003 - CONTROL NUMBER IDENTIFIER
control field OSt
005 - DATE AND TIME OF LATEST TRANSACTION
control field 20250901165809.0
008 - FIXED-LENGTH DATA ELEMENTS--GENERAL INFORMATION
fixed length control field 781226s1979 mauaf 000 0beng
010 ## - LIBRARY OF CONGRESS CONTROL NUMBER
LC control number 78031577
020 ## - INTERNATIONAL STANDARD BOOK NUMBER
International Standard Book Number 039527091X :
Terms of availability $12.95
040 ## - CATALOGING SOURCE
Original cataloging agency DLC
Transcribing agency DLC
Modifying agency DLC
043 ## - GEOGRAPHIC AREA CODE
Geographic area code n-us---
050 00 - LIBRARY OF CONGRESS CALL NUMBER
Classification number E 840 .8.K58 V34 1979
Item number V34
082 00 - DEWEY DECIMAL CLASSIFICATION NUMBER
Classification number 973.924/092/4
-- B
100 1# - MAIN ENTRY--PERSONAL NAME
Personal name Valeriani, Richard.
245 10 - TITLE STATEMENT
Title Travels with Henry /
Statement of responsibility, etc. Richard Valeriani.
260 ## - PUBLICATION, DISTRIBUTION, ETC.
Place of publication, distribution, etc. Boston :
Name of publisher, distributor, etc. Houghton Mifflin,
Date of publication, distribution, etc. 1979.
300 ## - PHYSICAL DESCRIPTION
Extent 400 p., [4] leaves of plates :
Other physical details ill. ;
Dimensions 24 cm.
600 10 - SUBJECT ADDED ENTRY--PERSONAL NAME
Personal name Kissinger, Henry,
Dates associated with a name 1923-2023
General subdivision Travel.
600 10 - SUBJECT ADDED ENTRY--PERSONAL NAME
Personal name Valeriani, Richard.
650 #0 - SUBJECT ADDED ENTRY--TOPICAL TERM
Topical term or geographic name entry element Statesmen
Geographic subdivision United States
Form subdivision Biography.
651 #0 - SUBJECT ADDED ENTRY--GEOGRAPHIC NAME
Geographic name United States
General subdivision Foreign relations
Chronological subdivision 1969-1974.
651 #0 - SUBJECT ADDED ENTRY--GEOGRAPHIC NAME
Geographic name United States
General subdivision Foreign relations
Chronological subdivision 1974-1977.
906 ## - LOCAL DATA ELEMENT F, LDF (RLIN)
a 7
b cbc
c orignew
d 1
e ocip
f 19
g y-gencatlg
942 ## - ADDED ENTRY ELEMENTS (KOHA)
Source of classification or shelving scheme Library of Congress Classification
Koha item type Books
Holdings
Withdrawn status Lost status Source of classification or shelving scheme Damaged status Not for loan Home library Current library Shelving location Date acquired Total checkouts Full call number Barcode Date last seen Price effective from Koha item type
    Library of Congress Classification     Main Library Main Library   03/20/2025   E 840 .8.K58 V34 1979 PIU0003898 03/20/2025 03/20/2025 Books